000 00673nam a2200289Ia 4500
005 20260324142834.0
008 008 260324s9999 xx 000 0 eng d
020 _a9780203167854
037 _aEBOOK
040 _aCRL
040 _beng
040 _cCRL
041 _2eng
041 _aeng
084 _qCRL
100 _aElspeth Probyn
_91201197
245 0 _aSexing the Self
245 0 _bGendered Positions in Cultural Studies
260 _bTaylor and Francis
260 _c1993
365 _a
365 _b230
856 _uhttp://www.taylorfrancis.com/books/9780203167854
942 _cEBOOK
999 _c1818102
_d1818102